[Event "Ruhrgebiet VK3 0304"]
[Site "Ruhrgebiet"]
[Date "2004.03.28"]
[Round "8.8"]
[White "Dreckmann, Guenter"]
[Black "Welke, Thomas"]
[Result "0-1"]
[WhiteElo "1668"]
[BlackElo "1978"]
[PlyCount "78"]
[EventDate "2003.09.28"]
[EventType "team-tourn"]
[EventRounds "9"]
[EventCountry "GER"]
[SourceTitle "EXT 2007"]
[Source "ChessBase"]
[SourceDate "2006.11.23"]
[SourceVersion "1"]
[SourceVersionDate "2006.11.23"]
[SourceQuality "1"]
[WhiteTeam "Haltern"]
[BlackTeam "Buer"]
[WhiteTeamCountry "GER"]
[BlackTeamCountry "GER"]

1. c4 f5 2. d4 Nf6 3. Nf3 g6 4. b3 Bg7 5. Bb2 d6 6. e3 0-0 7. Be2 h6 8. 0-0 e5 9. dxe5 Ng4 10. Qd5+ Kh7 11. Rd1 Qe8 12. c5 Nxe5 13. Nc3 Nxf3+ 14. Bxf3 dxc5 15. Qxc5 c6 16. g3 Nd7 17. Qd6 Rf7 18. Na4 Ne5 19. Bg2 Rd7 20. Qa3 Bf8 21. b4 Nc4 22. Qc3 Nxb2 23. Nxb2 Bg7 24. Qc2 Qf7 25. Rdc1 Rd8 26. a4 Be6 27. Ra3 Qe7 28. Nd3 a5 29. Qc5 Qc7 30. Qc2 axb4 31. Nxb4 Qe7 32. Rb1 Rd7 33. Rd3 Rad8 34. Rxd7 Qxd7 35. Bf1 Bf8 36. Nd3 Qe7 37. Rc1 Bd5 38. Nc5 b6 39. Nd3 Qe4 0-1

[Event "Ruhrgebiet VK2 0001"]
[Site "Ruhrgebiet"]
[Date "2001.04.22"]
[Round "8"]
[White "Loskarn, Peter"]
[Black "Dreckmann, Guenter"]
[Result "0-1"]
[WhiteElo "1918"]
[BlackElo "1690"]
[PlyCount "158"]
[EventDate "2000.09.17"]
[EventType "team-tourn"]
[EventRounds "9"]
[EventCountry "GER"]
[SourceTitle "EXT 2023"]
[Source "ChessBase"]
[SourceDate "2022.10.05"]
[SourceVersion "1"]
[SourceVersionDate "2022.10.05"]
[SourceQuality "1"]
[WhiteTeam "Bergeborbeck Wacker"]
[BlackTeam "Haltern"]
[WhiteTeamCountry "GER"]
[BlackTeamCountry "GER"]

1. e4 c5 2. c4 d6 3. g3 Nc6 4. Bg2 Nf6 5. Ne2 e6 6. 0-0 Be7 7. d3 0-0 8. Nbc3 a6 9. f4 Qc7 10. a4 Nd4 11. h3 Bd7 12. Nxd4 cxd4 13. Ne2 e5 14. f5 h6 15. g4 Nh7 16. Ng3 f6 17. h4 b5 18. axb5 axb5 19. Rxa8 Rxa8 20. cxb5 Ra1 21. Qb3+ Kf8 22. b6 Qb7 23. Nh5 Ra6 24. g5 Rxb6 25. Qd1 fxg5 26. hxg5 hxg5 27. Qg4 Bf6 28. Nxf6 gxf6 29. Qh3 Be8 30. b4 Kg8 31. Bd2 Rc6 32. Rb1 Rc2 33. Be1 Bb5 34. Bf1 Qf7 35. Ra1 Kg7 36. Ra5 Rc1 37. Qg3 Qb7 38. Qf2 Be8 39. Qa2 Rc7 40. Qe6 Bh5 41. Qxd6 Rc1 42. Rc5 Rxc5 43. Qxc5 Nf8 44. b5 Be8 45. Bb4 Nh7 46. b6 Bc6 47. Be2 Kh6 48. Bf3 Qa6 49. Ba3 Qa4 50. b7 Bxb7 51. Kf2 Bc6 52. Be2 Be8 53. Qc1 Qd7 54. Bc5 Kg7 55. Bd1 Bf7 56. Qa3 Qb5 57. Bc2 Qb7 58. Ke1 Qd7 59. Qb4 Qc6 60. Ba4 Qa8 61. Kd2 Be8 62. Bb3 Bf7 63. Bxf7 Kxf7 64. Qc4+ Kg7 65. Bb4 Qb7 66. Ke2 Qf7 67. Qxf7+ Kxf7 68. Kf3 Nf8 69. Kg4 Nd7 70. Kh5 Nb6 71. Kg4 Na4 72. Kf3 Nc3 73. Ba3 Kg7 74. Bc1 Kh6 75. Ba3 Kh5 76. Be7 g4+ 77. Kg3 Kg5 78. Bxf6+ Kxf6 79. Kxg4 Ne2 0-1